Vista normal Vista MARC

Entrada Topical Term

Número de registros utilizados en: 1

001 - CONTROL NUMBER

  • control field: 31745

003 - CONTROL NUMBER IDENTIFIER

  • control field: OSt

005 - DATE AND TIME OF LATEST TRANSACTION

  • control field: 20210920195255.0

008 - FIXED-LENGTH DATA ELEMENTS

  • fixed length control field: 860211i| anannbabn |a ana

040 ## - CATALOGING SOURCE

  • Original cataloging agency: la-la

043 ## - GEOGRAPHIC AREA CODE

  • Geographic area code: la

083 ## - DEWEY DECIMAL CLASSIFICATION NUMBER

  • Classification number element-single number or beginning number of span: 808.8385-20 ed.

150 ## - HEADING--TOPICAL TERM

  • Topical term or geographic name entry element: Novela Amorosa

450 ## - SEE FROM TRACING--TOPICAL TERM

  • Topical term or geographic name entry element: Amor-Novela

450 ## - SEE FROM TRACING--TOPICAL TERM

  • Topical term or geographic name entry element: Novela de amor

450 ## - SEE FROM TRACING--TOPICAL TERM

  • Topical term or geographic name entry element: Novelas amorosas

450 ## - SEE FROM TRACING--TOPICAL TERM

  • Topical term or geographic name entry element: Novelas de amor

450 ## - SEE FROM TRACING--TOPICAL TERM

  • Topical term or geographic name entry element: Romances (Historias de amor)

550 ## - SEE ALSO FROM TRACING--TOPICAL TERM

  • Control subfield: g
  • Topical term or geographic name entry element: Novela

550 ## - SEE ALSO FROM TRACING--TOPICAL TERM

  • Control subfield: h
  • Topical term or geographic name entry element: Novela amorosa americana

670 ## - SOURCE DATA FOUND

  • Source citation: LC Authorities / Library of Congress, (Consultado 3,May,2003) Disponible en Internet: http://authorities.loc.gov

670 ## - SOURCE DATA FOUND

  • Source citation: LEMB

750 ## - ESTABLISHED HEADING LINKING ENTRY--TOPICAL TERM

  • Topical term or geographic name entry element: Love fiction

750 ## - ESTABLISHED HEADING LINKING ENTRY--TOPICAL TERM

  • Topical term or geographic name entry element: Love stories